MOUCHETTE (Record n. 106019)

Dettagli MARC
000 -LEADER
fixed length control field 02726agaaa2200313 4500
001 - CONTROL NUMBER
control field 5870
003 - CONTROL NUMBER IDENTIFIER
control field IT-RoPAU
005 - DATE AND TIME OF LATEST TRANSACTION
control field 20220918181239.0
007 - PHYSICAL DESCRIPTION FIXED FIELD--GENERAL INFORMATION
fixed length control field d cvaizq
008 - FIXED-LENGTH DATA ELEMENTS--GENERAL INFORMATION
fixed length control field 50131s9999||||xx ||| | || ||und||
040 ## - CATALOGING SOURCE
Original cataloging agency IT-RoPAU
Transcribing agency IT-RoPAU
041 ## - LANGUAGE CODE
Language code of text/sound track or separate title ITALIANO
100 ## - MAIN ENTRY--PERSONAL NAME
Personal name Bresson Robert
Miscellaneous information Codice regista SPICS: 8815
9 (RLIN) 44644
130 ## - MAIN ENTRY--UNIFORM TITLE
Uniform title MOUCHETTE
9 (RLIN) 44645
245 ## - TITLE STATEMENT
Title MOUCHETTE
Statement of responsibility, etc. Prodotto da: Dauman Anatole -- Sceneggiatura: Bresson Robert -- Diretto da: Bresson Robert
Name of part/section of a work MOUCHETTE (Rif. Codice opera principale : H5870)
250 ## - EDITION STATEMENT
Edition statement Edizione Standard
260 ## - PUBLICATION, DISTRIBUTION, ETC. (IMPRINT)
Place of publication, distribution, etc. ROMA (FRANCIA)
Name of publisher, distributor, etc. ARGOS / Distribuzione: MULTIMEDIA SAN PAOLO
Date of manufacture "1967 (1° ed.: 2005 ; Ed. Lingua Orig.: 1967)"
300 ## - PHYSICAL DESCRIPTION
Extent DVD
Other physical details sonoro, col.
Dimensions 78 minuti
508 ## - CREATION/PRODUCTION CREDITS NOTE
Creation/production credits note "Fotografia: Coqluet Ghislain; Montaggio: Lamy Raymond; Musica: Monteverdi Claudio; Sceneggiatura: Bresson Robert; Scenografia: Coqluet Ghislain; "
511 ## - PARTICIPANT OR PERFORMER NOTE
Participant or performer note "Cardinal Maria; Chabrun Raymonde; Guilbert Jean-Claude; Herbert Paul; Huguenin Suzan"
520 ## - SUMMARY, ETC.
Summary, etc. "MOUCHETTE E' UN'ADOLESCENTE DI 14 ANNI CHE VIVE COL FRATELLO ANCORA IN FASCE E I GENITORI INTRISTITI DALL'ALCOOL E DAGLI STENTI, IN UN PAESE AGRICOLODELLA PROVENZA. PERENNEMENTE DERISA E UMILIATA DAGLI ADULTI E DAI COETANEI, MOUCHERRE REAGISCE COME PUO' CON INFANTILI DISPETTI. UN GIORNO, UN TEMPORALE LA SORPRENDE IN UN BOSCO, AL RITORNO DA SCUOLA; QUI ARSENE, UN BRACCONIERE, LA CONDUCE AL RIPARO NELLA SUA CAPANNA. L'UOMO CONFESSA A MOUCHETTE DIAVER UCCISO IL GUARDACACCIA; LA RAGAZZA ACCETTA DI AIUTARLO A CREARSI UN ALIBI E LO CURA AMOREVOLMENTE QUANDO HA UNA CRISI DI EPILESSIA. PASSATA LA CRISI, ARSENE APPROFITTA DI LEI. MOUCHETTE TORNA A CASA PER CONFIDARSI CON SUA MADRE, MA LA DONNA MUORE. LE DONNE DEL PAESE, CHE CONOSCONO IL SUO SEGRETO, LA IRRIDONO PERCHE' IL GUARDACACCIA NON E' AFFATTO MORTOED ARSENE HA INVENTATO UNA STORIA. AVVOLTA IN UN ABITO BIANCO, MOUCHETTE SI DIRIGE ALLORA VERSO IL FIUME E QUI ANNEGA. UMANITA' E I SUOI MALI. RIFIUTO DELLA CONVIVENZA SOCIALE COME DIFESA DEI VALORI DELLO SPIRITO. INNOCENZA. OLOCAUSTO PER LA REDENZIONE. MORTE IN BRESSON. PREMIO OCIC AL FESTIVAL DI CANNES 1967; PREMIO PASSINETTI AL FESTIVAL DI VENEZIA 1967; NASTRO D'ARGENTO REGISTA MIGLIOR FILM STRANIERO 1969. CONTRIBUTI EXTRA: BIOGRAFIA E FILMOGRAFIA ESSENZIALEDEL REGISTA; SCHEDA CRITICA DI PINO FARINOTTI."
538 ## - SYSTEM DETAILS NOTE
System details note PAL, STEREO
546 ## - LANGUAGE NOTE
Language note ITALIANO
650 ## - SUBJECT ADDED ENTRY--TOPICAL TERM
Topical term or geographic name as entry element DRAMMATICO
Relator term DVD-FILM [DVD]
General subdivision Codice MATERIA SPICS: 9947
9 (RLIN) 44646
700 ## - ADDED ENTRY--PERSONAL NAME
Personal name Bernanos Georges
Relator term (soggetto)
Miscellaneous information Codice Soggetto SPICS: 9287
9 (RLIN) 44647
700 ## - ADDED ENTRY--PERSONAL NAME
Personal name Bresson Robert
Relator term (regista)
Miscellaneous information Codice regista SPICS: 8815
9 (RLIN) 44648
700 ## - ADDED ENTRY--PERSONAL NAME
Personal name Monteverdi Claudio
Relator term (musica)
Miscellaneous information Codice Musica SPICS: 3614
9 (RLIN) 44649
942 ## - ADDED ENTRY ELEMENTS (KOHA)
Koha item type DVD
Source of classification or shelving scheme Dewey Decimal Classification
Dati di copia
Withdrawn status Lost status Damaged status Not for loan Home library Current library Date acquired Total Checkouts Full call number Date last seen Price effective from Koha item type Public note
    Buone Condizioni Not For Loan SPICS-MEDIATECA SPICS-MEDIATECA 31/01/2015   H5870 31/01/2015 31/01/2015 DVD Progr. Ins.: 3333 / N.Vol.:1 / Copie: 1 / Pag.:0 / Copia rara: n.d. / date import: 1.2.2015 / By Epidotti, Trombetti, Vaglietti
CREDITS: SOCIETA' SAN PAOLO Via A.Severo, 58 - ROMA (RM) & PERIODICI SAN PAOLO SRL Via Giotto, 36 MILANO & CISF Via Giotto, 36 MILANO & EDIZIONI SAN PAOLO SRL,  Piazza Soncino, 5 CINISELLO BALSAMO (MI) -- ITALY